000 01006nam a22002537a 4500
005 20170531115519.0
010 _a1516EN07 ENG-114598
020 _a9789350716427
_c575.00
035 _aEN-98130
035 _aB-606992-021
035 _aB-666053
037 _aDPL
_bVariety
037 _bDBAD/PUB
082 _a657
100 _aOberoi, S.P.
245 _aFundamentals of accounting & auditing /
_cby S.P.Oberoi [and] Aruna Jha
260 _aNew Delhi
_bTaxmann Publications
_c2015
270 _a59/32, New Rohtak Road
_bNew Delhi
_e110005
300 _aI-8,553p.
_c28cm(pbk)
700 _aJha, Aruna
942 _2ddc
_cEN
_mOBE
_h657
999 _c95551
_d95551